000
00280nam a22001217a 4500
999
_c
534436
_d
534436
040
_c
MSOHAIL
082
_a
297.217
100
_a
Dr. Iftikhar Ahmad Sheikh
_9
28573
245
_a
Pari
260
_a
Islamabad
_b
City Line Publishers
_c
c2010
300
_a
503;pxv
942
_2
ddc
_c
BK